LEADER 01143cam0-22003131i-450- 001 990004533800403321 005 20140905102623.0 035 $a000453380 035 $aFED01000453380 035 $a(Aleph)000453380FED01 035 $a000453380 100 $a19990604d1915----km-y0itay50------ba 101 0 $aita 102 $aIT 105 $ay---b---001yy 200 1 $aLibri dell'entrata e dell'uscita della Repubblica di Siena detti del Camarlingo e dei quattro provveditori della Biccherna$fa cura della Direzione del R. Archivio di Stato in Siena 210 $aSiena$cSt. Arti Grafiche Lazzeri$d1915 215 $av.$d25 cm 327 0 $a3.: a. 1230 610 0 $aBiccherna Magistratura finanziaria senese attiva dal 13° al 18° sec. 676 $a027.45581 710 02$aArchivio di stato$c$0136490 801 0$aIT$bUNINA$gRICA$2UNIMARC 901 $aBK 912 $a990004533800403321 952 $a027.45 AS-SIENA 1 (3)$bBibl. 27491$fFLFBC 959 $aFLFBC 996 $aLibri dell'entrata e dell'uscita della Repubblica di Siena detti del Camarlingo e dei quattro provveditori della Biccherna$9548515 997 $aUNINA